Guess the Famous People from their Eyes #17 - Statistics

General Stats
  • This quiz has been taken 273 times
  • The average score is 5 of 16
Answer Stats
Picture Answer % Correct
Adele
87%
Jake Gyllenhaal
73%
Tobey Maguire
68%
LeBron James
49%
Melania Trump
49%
Serena Williams
45%
Steve Buscemi
37%
Idris Elba
35%
Bad Bunny
26%
Tom Jones
19%
Kate Upton
17%
Alanis Morissette
13%
Léa Seydoux
10%
Katey Sagal
8%
Alyssa Milano
5%
King George VI
1%
No matching quizzes found
Score Distribution
Percent of People with Each Score
Percentile by Number Answered
Your Score History
You have not taken this quiz